| 000 | 00945nam2a22002531 4500 | ||
|---|---|---|---|
| 001 | RU\NLR\INFOCOMM55\5000119976 | ||
| 005 | 20041123163553.1 | ||
| 035 | _a(NLR Aleph) 002358735 | ||
| 090 |
_a4535591 _c4535591 |
||
| 100 | _a20041123d1954 |||y0rusy50 ca | ||
| 101 | 0 | _arus | |
| 102 | _aRU | ||
| 105 | _ay ||||000|y | ||
| 200 | 1 |
_aГенераторы тепла для радиационных сушильных установок _fП.Д. Лебедев |
|
| 210 | _d1954 | ||
| 461 | 0 |
_1001RU\NLR\INFOCOMM55\5000119931 _12001#$aИнформационное письмо$fГос. инспекция по промэнергетике и энергонадзору при М-ве электростанций СССР$v1954, №1(27) |
|
| 700 | 1 |
_aЛебедев _bП. Д. _4070 |
|
| 801 | 0 |
_aRU _bNLR _gPSBO |
|
| 801 | 1 |
_aRU _bInfoComm _c20041123 |
|
| 852 |
_aNLR _jП22/1471 |
||
| 942 | _cISSUE | ||
| 980 | _aNB | ||
| 980 | _aRUSPER | ||